[Event "IIFL Wealth 4th Mumbai GM"]
[Site "Mumbai"]
[Date "2019.01.05"]
[Round "7"]
[White "Ziatdinov, Raset"]
[Black "Sekar, B."]
[Result "1/2-1/2"]
[WhiteElo "2252"]
[BlackElo "2137"]
[Annotator "NA"]
[PlyCount "135"]
[EventDate "2018.12.30"]
[EventType "swiss"]
[EventCountry "IND"]
[SourceTitle "playchess.com"]
[Source "ChessBase"]
[SourceQuality "1"]
[TimeControl "40/5400+30:1800+30"]

1. e4 {[%emt 0:00:00]} c5 {[%emt 0:00:00]} 2. Nf3 {[%emt 0:00:00]} d6 {[%emt 0:00:00]} 3. d4 {[%emt 0:00:00]} cxd4 {[%emt 0:00:00]} 4. Nxd4 {[%emt 0:00:00]} Nf6 {[%emt 0:00:00]} 5. Nc3 {[%emt 0:00:00]} a6 {[%emt 0:00:00]} 6. Be2 {[%emt 0:00:03]} e5 {[%emt 0:00:00]} 7. Nb3 {[%emt 0:00:05]} Be7 {[%emt 0:00:07]} 8. O-O {[%emt 0:00:06]} O-O {[%emt 0:00:03]} 9. Be3 {[%emt 0:00:09]} Be6 {[%emt 0:00:30]} 10. Qd2 {[%emt 0:00:05]} Nbd7 {[%emt 0:01:14]} 11. a4 {[%emt 0:00:07]} Nb6 {[%emt 0:07:30]} 12. Rfd1 {[%emt 0:00:33]} Rc8 {[%emt 0:02:08]} 13. Bg5 {[%emt 0:11:17]} Nbd7 {[%emt 0:06:17]} 14. a5 {[%emt 0:04:57]} Qc7 {[%emt 0:00:52]} 15. Nc1 {[%emt 0:01:12]} h6 {[%emt 0:13:17]} 16. Be3 {[%emt 0:00:11]} Nc5 {[%emt 0:04:04]} 17. Bf3 {[%emt 0:00:12]} Qc6 {[%emt 0:03:23]} 18. Nd5 {[%emt 0:16:25]} Bxd5 {[%emt 0:00:46]} 19. exd5 {[%emt 0:00:08]} Qc7 {[%emt 0:01:05]} 20. Qe1 {[%emt 0:04:46]} Nh7 {[%emt 0:07:06]} 21. Be2 {[%emt 0:13:03]} f5 {[%emt 0:01:07]} 22. c4 {[%emt 0:00:36]} Nd7 {[%emt 0:10:11]} 23. Nb3 {[%emt 0:03:03]} f4 {[%emt 0:02:20]} 24. Bd2 {[%emt 0:00:32]} f3 {[%emt 0:00:05]} 25. Bxf3 {[%emt 0:01:41]} Qxc4 {[%emt 0:00:13]} 26. Ra3 {[%emt 0:00:20]} Ng5 {[%emt 0:10:57]} 27. Bxg5 {[%emt 0:00:31]} Bxg5 {[%emt 0:00:02]} 28. Nd2 {[%emt 0:05:01]} Bxd2 {[%emt 0:00:43]} 29. Qxd2 Qf4 {[%emt 0:00:35]} 30. g3 {[%emt 0:08:20]} Qxd2 {[%emt 0:03:32]} 31. Rxd2 {[%emt 0:00:01]} Rc4 {[%emt 0:00:40]} 32. Be2 {[%emt 0:08:02]} Rb4 {[%emt 0:00:21]} 33. Rc2 {[%emt 0:00:47]} Nc5 {[%emt 0:03:28]} 34. Kf1 {[%emt 0:01:36]} Rb8 {[%emt 0:01:45]} 35. Ke1 {[%emt 0:01:43]} b6 {[%emt 0:00:36]} 36. axb6 {[%emt 0:00:38]} R8xb6 {[%emt 0:00:01]} 37. Ra2 {[%emt 0:00:12]} Kf8 {[%emt 0:06:32]} 38. Bc4 {[%emt 0:02:05]} Ke7 {[%emt 0:02:41]} 39. Kd1 {[%emt 0:00:35]} e4 {[%emt 0:03:58]} 40. Kc1 {[%emt 0:00:00]} Kf6 {[%emt 0:00:00]} 41. f3 {[%emt 0:04:50]} exf3 {[%emt 0:08:27]} 42. Ra3 {[%emt 0:00:09]} Nb3+ {[%emt 0:00:19]} 43. Bxb3 {[%emt 0:02:46]} Rxb3 {[%emt 0:00:37]} 44. Rc3 {[%emt 0:00:15]} Rxb2 {[%emt 0:03:30]} 45. Rxf3+ {[%emt 0:00:11]} Ke5 {[%emt 0:03:36]} 46. Rf7 {[%emt 0:02:48]} Rb7 {[%emt 0:05:56]} 47. Rxg7 {[%emt 0:00:55]} Rxg7 {[%emt 0:05:53]} 48. Kxb2 {[%emt 0:00:07]} Rf7 {[%emt 0:00:17]} 49. h4 {[%emt 0:00:30]} Ra7 {[%emt 0:04:02]} 50. g4 {[%emt 0:01:55]} a5 {[%emt 0:03:09]} 51. Rf3 {[%emt 0:02:54]} Kxd5 {[%emt 0:02:55]} 52. Rf5+ {[%emt 0:00:15]} Kc6 {[%emt 0:00:59]} 53. g5 {[%emt 0:02:22]} hxg5 {[%emt 0:00:06]} 54. hxg5 {[%emt 0:00:05]} d5 {[%emt 0:01:48]} 55. g6 {[%emt 0:00:24]} Rg7 {[%emt 0:01:45]} 56. Rf6+ {[%emt 0:00:26]} Kc5 {[%emt 0:00:04]} 57. Kc3 {[%emt 0:00:19]} a4 {[%emt 0:00:45]} 58. Ra6 {[%emt 0:01:07]} Kb5 {[%emt 0:00:03]} 59. Rd6 {[%emt 0:00:18]} Rc7+ {[%emt 0:01:11]} 60. Kd4 {[%emt 0:01:21]} a3 {[%emt 0:00:48]} 61. Rxd5+ {[%emt 0:01:49]} Kb4 {[%emt 0:00:05]} 62. Ke5 {[%emt 0:01:15]} Rc1 {[%emt 0:00:40]} 63. Rd4+ {[%emt 0:00:29]} Kb3 {[%emt 0:00:44]} 64. g7 {[%emt 0:00:18]} Rg1 {[%emt 0:00:05]} 65. Rd3+ {[%emt 0:00:22]} Kb4 {[%emt 0:00:03]} 66. Rxa3 {[%emt 0:00:32]} Kxa3 {[%emt 0:00:04]} 67. Kf6 {[%emt 0:00:06]} Rxg7 {[%emt 0:00:27]} 68. Kxg7 1/2-1/2

[Event "IIFL Wealth 4th Mumbai GM"]
[Site "Mumbai"]
[Date "2019.01.05"]
[Round "7"]
[White "Aditya Mittal"]
[Black "Puranik, Abhimanyu"]
[Result "0-1"]
[WhiteElo "2251"]
[BlackElo "2544"]
[Annotator "TA"]
[PlyCount "112"]
[EventDate "2018.12.30"]
[EventType "swiss"]
[EventCountry "IND"]
[SourceTitle "playchess.com"]
[Source "ChessBase"]
[SourceQuality "1"]

{[%evp 14,112,12,21,30,8,8,9,9,9,9,0,8,9,9,9,61,19,27,7,0,0,0,0,0,0,0,0,0,0,0,0,0,0,5,0,52,52,56,34,34,34,34,27,38,9,35,0,0,0,2,0,0,0,0,0,0,0,0,0,0,0,0,-22,-22,-79,-79,-113,-107,-126,-32,-32,-32,-32,-32,-35,-32,-70,-69,-115,-115,-133,-125,-134,-133,-462,-458,-450,-263,-460,-439,-1044,-1044,-1041,-1041,-1037,-930,-29978,-29979,-29977,-29980]} 1. d4 Nf6 2. c4 g6 3. Nc3 d5 4. cxd5 Nxd5 5. Bd2 Nb6 6. Bf4 Bg7 7. e3 O-O 8. Nf3 {LiveBook: 69 Games} Bf5 {D90: Grünfeld: 4 Nf3 Bg7 sidelines} (8... Be6 9. Be2 c5 10. dxc5 N6d7 11. Nd4 Nxc5 12. Nxe6 Nxe6 13. Bg3 Nc6 14. O-O Nc5 15. Rc1 Bxc3 16. Rxc3 {½-½ (31) Onischuk,A (2681)-Swiercz,D (2654) Saint Louis 2018}) 9. h3 $146 ({Predecessor:} 9. Be2 Nc6 10. O-O Re8 11. Bg3 e5 12. d5 Na5 13. e4 Bg4 14. Nd2 Bxe2 15. Qxe2 Bh6 16. b4 Bxd2 17. Qxd2 {1-0 (39) Huerga Leache,M (2449)-Salazar de la Cruz,J (1975) Isla de la Palma 2017}) 9... c5 10. dxc5 {And now Qxd8 would win.} N6d7 {The position is equal.} 11. Nd4 Nxc5 12. Nxf5 gxf5 13. Be2 Nc6 14. O-O Rc8 (14... Bxc3 $11 15. bxc3 e5) 15. Qc2 e6 16. a3 Qb6 17. Rad1 Ne5 18. Na4 Nxa4 {[%mdl 64] Discovered Attack} 19. Qxa4 Qxb2 20. Bxe5 Bxe5 21. Bf3 Bb8 22. Rd7 b6 23. Qh4 Qe5 {[%csl Gb8][%cal Re5h2]} 24. g3 Rc3 ({Better is} 24... Qg7 $11) 25. Rfd1 $14 Rc7 26. Qe7 Rxd7 27. Rxd7 Qg7 28. Kg2 Qg6 29. Qh4 (29. Rb7 {is more complex.} e5 30. Qd7 f4 31. exf4 exf4 32. g4) 29... h6 (29... Kg7 {seems wilder.} 30. Qc4 Qf6 31. Qb5 Kg6 32. a4 Qe5) 30. Bh5 (30. a4 {keeps more tension.} Qg5 31. Qb4 e5 32. Qc4 f4 33. exf4 exf4 34. g4) 30... Qg5 $1 31. Qxg5+ hxg5 $11 {[%mdl 4096] Endgame KRB-KRB} 32. Rb7 Kg7 33. f4 Kf6 34. Kf3 e5 35. fxe5+ Kxe5 36. Bxf7 Bd6 37. Rxa7 Rh8 38. Rb7 Bc5 39. h4 (39. Kg2 $11 {remains equal.}) 39... gxh4 $17 {...h3 is the strong threat.} 40. gxh4 Rxh4 41. Rb8 f4 (41... Kf6 $17 42. Bd5 Rh3+ 43. Kg2 Rxe3) 42. Re8+ $15 Kf6 43. Bc4 fxe3 44. Bb5 Rh3+ 45. Ke2 Rh2+ 46. Kd3 Kf5 47. Kc4 Kf4 48. a4 Rd2 {Threatens to win with ...Rd8!} 49. a5 $2 {[%mdl 8192]} (49. Kb3 $17 {is a better chance.}) 49... Rd4+ $19 50. Kc3 bxa5 51. Rc8 $2 {[#]} (51. Be2 {was the only defense.}) 51... Rd5 $1 52. Kc4 (52. Bd3 $142 Bb4+ 53. Kc4) 52... Re5 {( -> ...e2)} (52... e2 $2 53. Kxd5 e1=Q 54. Rxc5 $19) 53. Kb3 Kf3 54. Ka4 Bb4 55. Rc2 {[#]} Rxb5 $1 {[%mdl 64] Remove Defender, Promotion} 56. Kxb5 e2 {Accuracy: White = 47%, Black = 74%.} 0-1

[Event "IIFL Wealth 4th Mumbai GM"]
[Site "Mumbai"]
[Date "2019.01.05"]
[Round "7"]
[White "Navalgund, Niranjan"]
[Black "Czebe, Attila"]
[Result "1-0"]
[WhiteElo "2240"]
[BlackElo "2417"]
[Annotator "NA"]
[PlyCount "86"]
[EventDate "2018.12.30"]
[EventType "swiss"]
[EventCountry "IND"]
[SourceTitle "playchess.com"]
[Source "ChessBase"]
[SourceQuality "1"]
[TimeControl "40/5400+30:1800+30"]

1. d4 {[%emt 0:00:00]} Nf6 {[%emt 0:00:00]} 2. c4 {[%emt 0:00:00]} e6 {[%emt 0:00:00]} 3. g3 {[%emt 0:00:00]} Bb4+ {[%emt 0:00:04]} 4. Bd2 {[%emt 0:00:00]} Bxd2+ {[%emt 0:00:41]} 5. Qxd2 {[%emt 0:00:19]} O-O {[%emt 0:03:17]} 6. Bg2 {[%emt 0:00:04]} d6 {[%emt 0:00:13]} 7. Nc3 {[%emt 0:00:11]} Qe7 {[%emt 0:00:45]} 8. Nf3 {[%emt 0:00:38]} Nbd7 {[%emt 0:02:44]} 9. O-O {[%emt 0:00:17]} c6 {[%emt 0:01:19]} 10. b3 {[%emt 0:27:56]} e5 {[%emt 0:01:51]} 11. dxe5 {[%emt 0:04:42]} dxe5 {[%emt 0:00:09]} 12. Rad1 {[%emt 0:01:39]} Nc5 {[%emt 0:01:57]} 13. b4 {[%emt 0:04:07]} Ne6 {[%emt 0:13:24]} 14. Qd6 {[%emt 0:02:58]} Qxd6 {[%emt 0:01:11]} 15. Rxd6 {[%emt 0:00:03]} e4 {[%emt 0:01:28]} 16. Nd4 {[%emt 0:06:15]} Ne8 {[%emt 0:10:24]} 17. Nxe6 {[%emt 0:00:02]} Bxe6 {[%emt 0:00:06]} 18. Rd4 {[%emt 0:00:40]} f5 {[%emt 0:00:04]} 19. g4 {[%emt 0:12:53]} g6 {[%emt 0:03:29]} 20. gxf5 {[%emt 0:00:20]} gxf5 {[%emt 0:00:03]} 21. f3 {[%emt 0:01:17]} a5 {[%emt 0:00:03]} 22. b5 {[%emt 0:01:04]} c5 {[%emt 0:00:31]} 23. Rdd1 {[%emt 0:00:16]} Bxc4 {[%emt 0:01:08]} 24. fxe4 {[%emt 0:00:12]} Ng7 {[%emt 0:02:01]} 25. exf5 {[%emt 0:01:50]} Nxf5 {[%emt 0:00:19]} 26. Bxb7 {[%emt 0:02:42]} Rab8 {[%emt 0:00:11]} 27. Bd5+ {[%emt 0:01:19]} Bxd5 {[%emt 0:00:02]} 28. Rxd5 {[%emt 0:00:09]} Ne3 {[%emt 0:00:16]} 29. Rg5+ {[%emt 0:00:20]} Kh8 {[%emt 0:00:00]} 30. Rf3 {[%emt 0:01:16]} Rg8 {[%emt 0:01:20]} 31. Rxg8+ {[%emt 0:05:02]} Rxg8+ {[%emt 0:00:04]} 32. Rg3 {[%emt 0:00:32]} Re8 {[%emt 0:00:13]} 33. Kf2 {[%emt 0:03:42]} Nf5 {[%emt 0:00:01]} 34. Rg5 {[%emt 0:00:53]} Rf8 {[%emt 0:00:02]} 35. e4 {[%emt 0:00:40]} Nd4+ {[%emt 0:00:11]} 36. Kg2 {[%emt 0:00:37]} c4 {[%emt 0:00:55]} 37. b6 {[%emt 0:09:11]} Rb8 {[%emt 0:00:18]} 38. Na4 {[%emt 0:00:28]} c3 {[%emt 0:01:39]} 39. Rc5 {[%emt 0:01:20]} c2 {[%emt 0:00:34]} 40. Kf2 {[%emt 0:00:00]} Kg7 {[%emt 0:00:00]} 41. Ke3 {[%emt 0:01:25]} Rd8 {[%emt 0:00:07]} 42. b7 {[%emt 0:00:51]} Nb5 {[%emt 0:00:21]} 43. Rxc2 {[%emt 0:00:33]} Nd6 {[%emt 0:00:17]} 1-0

[Event "IIFL Wealth 4th Mumbai GM"]
[Site "Mumbai"]
[Date "2019.01.05"]
[Round "7"]
[White "Mohite, Ranveer"]
[Black "Laxman, R.R."]
[Result "0-1"]
[WhiteElo "2236"]
[BlackElo "2436"]
[Annotator "TA"]
[PlyCount "94"]
[EventDate "2018.12.30"]
[EventType "swiss"]
[EventCountry "IND"]
[SourceTitle "playchess.com"]
[Source "ChessBase"]
[SourceQuality "1"]

{[%evp 35,94,40,50,49,56,56,60,57,90,22,16,24,18,13,27,10,17,-7,0,0,0,0,0,0,0,0,-7,-7,-18,-81,-29,-61,-67,-107,-25,-23,-29,-44,-39,-55,-62,-63,8,-145,-154,-224,-228,-227,-207,-29984,-29985,-29985,-29986,-29988,-29989,-29990,-29991,-29996,-29997,-29997,-29997]} 1. e4 e5 2. Nf3 Nc6 3. Bb5 a6 4. Ba4 Nf6 5. O-O Be7 6. Re1 b5 7. Bb3 O-O 8. h3 d6 9. c3 Nb8 10. d4 Nbd7 11. Nbd2 {[%cal Bb1d2,Bd2f1,Bf1g3][%mdl 32]} Bb7 12. Bc2 Re8 13. Nf1 Bf8 14. Ng3 g6 15. a4 c6 {C95: Closed Ruy Lopez: Breyer Variation with 10 d4} (15... Bg7 16. Bd3 exd4 17. cxd4 c5 18. axb5 axb5 19. Rxa8 Bxa8 20. dxc5 Nxc5 21. Bxb5 Rf8 22. e5 dxe5 23. Qxd8 Rxd8 24. Nxe5 {½-½ (39) Hou,Y (2658)-Vitiugov,N (2734) Belokurikha 2018}) 16. Bd3 Qc7 17. Bg5 h6 18. Bd2 Bg7 {LiveBook: 17 Games} 19. b4 Nb6 20. a5 Nbd7 21. Qc1 h5 $146 ({Predecessor:} 21... Kh7 22. c4 bxc4 23. Qxc4 exd4 24. Qxf7 {1-0 (34) Arndt,S (2089)-Draeger,W (2082) DESC email 2002}) 22. dxe5 (22. Bh6 $16) 22... Nxe5 $11 23. Nxe5 Rxe5 24. c4 bxc4 25. Qxc4 Rae8 26. Qc2 h4 27. Nf1 {[#]} Nxe4 $1 {[%mdl 512]} 28. Bxe4 Rxe4 29. Rxe4 Rxe4 30. Qxe4 Bxa1 31. Ne3 {Qe8+ is the strong threat.} c5 32. Qe8+ (32. Qxh4 $11 Bb2 33. Nc4) 32... Kh7 (32... Kg7 $17 {Strongly threatening ...Bc6.} 33. b5 axb5 34. Qxb5 Qc6 35. Qxc6 Bxc6) 33. Ng4 Bg7 {Hoping for ...f5.} 34. bxc5 dxc5 (34... f5 $17 35. Nh6 Bd5) 35. Bg5 Bc6 $40 {[%mdl 128] Black has some attack.} 36. Qe1 Qd6 {aiming for ...Qd5.} 37. f3 $1 Kg8 38. Qxh4 Qd4+ (38... f5 $15 39. Nf6+ Kf8) 39. Kh1 $2 {[#]} (39. Be3 $11 Qd1+ 40. Kf2) 39... f5 $1 $17 {[%cal Rf5g4]} 40. Nf6+ (40. Ne3 $17) 40... Kf8 $19 41. Nh7+ {[#]} Kf7 $1 {And now ...Qa1+ would win.} 42. Bf4 $2 (42. Qxd4 $19 Bxd4 43. Bd8) 42... Qa1+ {Black mates.} 43. Kh2 Bd4 44. Ng5+ Ke8 45. Bc1 Qxc1 46. Qh6 Qg1+ 47. Kg3 Qe1+ {Accuracy: White = 36%, Black = 62%.} 0-1

[Event "IIFL Wealth 4th Mumbai GM"]
[Site "Mumbai"]
[Date "2019.01.05"]
[Round "7"]
[White "Praveen Kumar C"]
[Black "Gandhi, Anish"]
[Result "1/2-1/2"]
[WhiteElo "2233"]
[BlackElo "2134"]
[Annotator "NA"]
[PlyCount "112"]
[EventDate "2018.12.30"]
[EventType "swiss"]
[EventCountry "IND"]
[SourceTitle "playchess.com"]
[Source "ChessBase"]
[SourceQuality "1"]
[TimeControl "40/5400+30:1800+30"]

1. d4 {[%emt 0:00:00]} Nf6 {[%emt 0:00:00]} 2. c4 {[%emt 0:00:00]} g6 {[%emt 0:00:00]} 3. g3 {[%emt 0:00:00]} Bg7 {[%emt 0:00:20]} 4. Bg2 {[%emt 0:00:00]} O-O {[%emt 0:01:46]} 5. Nc3 {[%emt 0:00:00]} d6 {[%emt 0:02:51]} 6. Nf3 {[%emt 0:00:05]} Nc6 {[%emt 0:00:07]} 7. O-O {[%emt 0:00:12]} a6 {[%emt 0:00:05]} 8. h3 {[%emt 0:06:50]} Re8 {[%emt 0:13:35]} 9. a3 {[%emt 0:16:02]} Bf5 {[%emt 0:09:05]} 10. d5 {[%emt 0:01:47]} Na5 {[%emt 0:08:00]} 11. Nd2 {[%emt 0:00:13]} c5 {[%emt 0:00:48]} 12. dxc6 {[%emt 0:23:55]} Nxc6 {[%emt 0:01:26]} 13. Nb3 {[%emt 0:00:13]} Nd7 {[%emt 0:04:52]} 14. Be3 {[%emt 0:03:10]} Nde5 {[%emt 0:04:14]} 15. Nd2 {[%emt 0:00:18]} Rc8 {[%emt 0:09:32]} 16. Nd5 {[%emt 0:05:00]} Nd7 {[%emt 0:01:10]} 17. g4 {[%emt 0:01:18]} Be6 {[%emt 0:02:04]} 18. Rb1 {[%emt 0:00:31]} b5 {[%emt 0:02:02]} 19. cxb5 {[%emt 0:02:33]} axb5 {[%emt 0:00:04]} 20. Nf4 {[%emt 0:00:04]} Ba2 {[%emt 0:01:40]} 21. Ra1 {[%emt 0:00:32]} Bc4 {[%emt 0:00:11]} 22. Rb1 {[%emt 0:06:50]} Ba2 {[%emt 0:09:53]} 23. Ra1 {[%emt 0:01:07]} Bc4 {[%emt 0:00:23]} 24. b3 {[%emt 0:00:47]} Be6 {[%emt 0:04:07]} 25. Nxe6 {[%emt 0:00:47]} fxe6 {[%emt 0:00:05]} 26. Rc1 {[%emt 0:00:03]} Nd4 {[%emt 0:03:05]} 27. Nf3 {[%emt 0:01:10]} Rxc1 {[%emt 0:02:05]} 28. Bxc1 {[%emt 0:00:30]} Nxf3+ {[%emt 0:02:08]} 29. Bxf3 {[%emt 0:00:07]} Qb6 {[%emt 0:00:18]} 30. Be3 {[%emt 0:01:22]} Qa6 {[%emt 0:00:57]} 31. Qc2 {[%emt 0:12:36]} Rc8 {[%emt 0:04:39]} 32. Qa2 {[%emt 0:00:10]} b4 {[%emt 0:00:51]} 33. a4 {[%emt 0:00:08]} d5 {[%emt 0:04:08]} 34. Rc1 {[%emt 0:02:12]} Bc3 {[%emt 0:00:53]} 35. Qc2 {[%emt 0:01:20]} Ne5 {[%emt 0:01:08]} 36. Bg2 {[%emt 0:00:14]} Nc6 {[%emt 0:01:56]} 37. h4 {[%emt 0:01:14]} Rf8 {[%emt 0:00:57]} 38. Qd3 {[%emt 0:05:15]} Qxd3 {[%emt 0:01:34]} 39. exd3 {[%emt 0:00:02]} Nd4 {[%emt 0:00:20]} 40. Bxd4 {[%emt 0:00:00]} Bxd4 {[%emt 0:00:00]} 41. Rc2 {[%emt 0:05:13]} Kg7 {[%emt 0:03:46]} 42. Kf1 {[%emt 0:07:19]} h6 {[%emt 0:01:50]} 43. g5 {[%emt 0:01:26]} Bc3 {[%emt 0:04:10]} 44. Re2 {[%emt 0:02:32]} Kf7 {[%emt 0:01:58]} 45. gxh6 {[%emt 0:01:08]} Rh8 {[%emt 0:00:57]} 46. a5 {[%emt 0:02:59]} Rxh6 {[%emt 0:03:10]} 47. Bh3 {[%emt 0:00:39]} g5 {[%emt 0:01:28]} 48. h5 {[%emt 0:00:34]} e5 {[%emt 0:05:59]} 49. Ra2 {[%emt 0:03:12]} Rxh5 {[%emt 0:07:24]} 50. Bc8 {[%emt 0:01:32]} Rh1+ {[%emt 0:00:52]} 51. Kg2 {[%emt 0:00:43]} Ra1 {[%emt 0:00:29]} 52. Rxa1 {[%emt 0:00:19]} Bxa1 {[%emt 0:00:06]} 53. a6 {[%emt 0:00:15]} Bd4 {[%emt 0:00:06]} 54. f3 {[%emt 0:00:13]} e6 {[%emt 0:00:45]} 55. Kg3 {[%emt 0:00:17]} Kf6 {[%emt 0:00:11]} 56. Kg4 {[%emt 0:00:12]} Bc5 {[%emt 0:00:10]} 1/2-1/2

[Event "IIFL Wealth 4th Mumbai GM"]
[Site "Mumbai"]
[Date "2019.01.05"]
[Round "7"]
[White "Mahalakshmi, M."]
[Black "Nayem, Haque"]
[Result "1-0"]
[WhiteElo "2219"]
[BlackElo "2083"]
[Annotator "NA"]
[PlyCount "77"]
[EventDate "2018.12.30"]
[EventType "swiss"]
[EventCountry "IND"]
[SourceTitle "playchess.com"]
[Source "ChessBase"]
[SourceQuality "1"]
[TimeControl "40/5400+30:1800+30"]

1. d4 {[%emt 0:00:00]} Nf6 {[%emt 0:00:00]} 2. Nf3 {[%emt 0:00:00]} g6 {[%emt 0:00:00]} 3. Bg5 {[%emt 0:00:27]} Bg7 {[%emt 0:00:00]} 4. Nbd2 {[%emt 0:00:14]} d5 {[%emt 0:00:09]} 5. e3 {[%emt 0:00:58]} O-O {[%emt 0:00:11]} 6. Bd3 {[%emt 0:01:40]} c6 {[%emt 0:08:35]} 7. c4 {[%emt 0:02:50]} Qb6 {[%emt 0:02:07]} 8. Qc2 {[%emt 0:02:52]} Be6 {[%emt 0:01:50]} 9. O-O {[%emt 0:01:27]} Nbd7 {[%emt 0:00:34]} 10. Rac1 {[%emt 0:03:32]} Qd8 {[%emt 0:05:43]} 11. Qb3 {[%emt 0:03:39]} dxc4 {[%emt 0:00:56]} 12. Bxc4 {[%emt 0:00:32]} Bxc4 {[%emt 0:00:11]} 13. Nxc4 {[%emt 0:00:30]} Qc8 {[%emt 0:12:34]} 14. Rfd1 {[%emt 0:05:31]} h6 {[%emt 0:09:05]} 15. Bh4 {[%emt 0:01:58]} g5 {[%emt 0:01:04]} 16. Bg3 {[%emt 0:00:45]} Ne4 {[%emt 0:01:10]} 17. Be5 {[%emt 0:02:55]} g4 {[%emt 0:02:34]} 18. Bxg7 {[%emt 0:06:40]} Kxg7 {[%emt 0:01:18]} 19. Nfd2 {[%emt 0:02:05]} Ndf6 {[%emt 0:03:59]} 20. Nxe4 {[%emt 0:02:54]} Nxe4 {[%emt 0:00:01]} 21. Ne5 {[%emt 0:00:09]} Nd6 {[%emt 0:05:50]} 22. Nd3 {[%emt 0:02:57]} e6 {[%emt 0:05:38]} 23. Nf4 {[%emt 0:02:14]} Qd8 {[%emt 0:00:45]} 24. Qd3 {[%emt 0:06:36]} Kg8 {[%emt 0:02:56]} 25. Rc5 {[%emt 0:03:52]} Qe7 {[%emt 0:00:59]} 26. Qe2 {[%emt 0:02:04]} f5 {[%emt 0:00:36]} 27. Ng6 {[%emt 0:01:34]} Qf6 {[%emt 0:00:44]} 28. Nxf8 {[%emt 0:01:46]} Rxf8 {[%emt 0:00:11]} 29. f3 {[%emt 0:01:07]} h5 {[%emt 0:00:14]} 30. Rf1 {[%emt 0:02:08]} Rf7 {[%emt 0:00:14]} 31. b3 {[%emt 0:02:40]} Rg7 {[%emt 0:03:07]} 32. Qe1 {[%emt 0:05:42]} h4 {[%emt 0:02:02]} 33. fxg4 {[%emt 0:02:32]} Rxg4 {[%emt 0:00:02]} 34. Qe2 {[%emt 0:01:42]} Qg6 {[%emt 0:01:03]} 35. Rf4 {[%emt 0:04:33]} Rg5 {[%emt 0:02:32]} 36. Rxh4 {[%emt 0:00:55]} Ne4 {[%emt 0:00:07]} 37. Rc1 {[%emt 0:03:08]} Kf7 {[%emt 0:05:39]} 38. b4 {[%emt 0:03:55]} a6 {[%emt 0:01:53]} 39. a4 {[%emt 0:00:47]} 1-0